The growth of the Gospels / (Record no. 124955)
[ view plain ]
| 000 -LEADER | |
|---|---|
| fixed length control field | 00679cam a2200229 i 4500 |
| 001 - CONTROL NUMBER | |
| control field | 2283374 |
| 003 - CONTROL NUMBER IDENTIFIER | |
| control field | ARRUPE |
| 005 - DATE AND TIME OF LATEST TRANSACTION | |
| control field | 20160812094536.0 |
| 008 - FIXED-LENGTH DATA ELEMENTS--GENERAL INFORMATION | |
| fixed length control field | 800114s1979 nyu b 000 0 eng |
| 010 ## - LIBRARY OF CONGRESS CONTROL NUMBER | |
| LC control number | 79090141 |
| 020 ## - INTERNATIONAL STANDARD BOOK NUMBER | |
| International Standard Book Number | 080912243X : |
| Terms of availability | $3.95 |
| 040 ## - CATALOGING SOURCE | |
| Original cataloging agency | DLC |
| Transcribing agency | DLC |
| Modifying agency | DLC |
| 050 00 - LIBRARY OF CONGRESS CALL NUMBER | |
| Classification number | BS2556 |
| Item number | .M26 |
| 300 ## - PHYSICAL DESCRIPTION | |
| Dimensions | 21 cm. |
| 100 1# - MAIN ENTRY--PERSONAL NAME | |
| Personal name | McEleney, Neil J. |
| 9 (RLIN) | 24918 |
| 245 14 - TITLE STATEMENT | |
| Title | The growth of the Gospels / |
| Statement of responsibility, etc | Neil J. McEleney. |
| 260 ## - PUBLICATION, DISTRIBUTION, ETC. (IMPRINT) | |
| Place of publication, distribution, etc | New York : |
| Name of publisher, distributor, etc | Paulist Press, |
| Date of publication, distribution, etc | c1979. |
| 300 ## - PHYSICAL DESCRIPTION | |
| Extent | vii, 88 p. ; |
| 504 ## - BIBLIOGRAPHY, ETC. NOTE | |
| Bibliography, etc | Bibliography: p. 88. |
| 630 00 - SUBJECT ADDED ENTRY--UNIFORM TITLE | |
| Uniform title | Bible. |
| Name of part/section of a work | Gospels |
| General subdivision | Study and teaching. |
| 9 (RLIN) | 24919 |
| 906 ## - LOCAL DATA ELEMENT F, LDF (RLIN) | |
| a | 7 |
| b | cbc |
| c | orignew |
| d | 2 |
| e | opcn |
| f | 19 |
| g | y-gencatlg |
| 942 ## - ADDED ENTRY ELEMENTS (KOHA) | |
| Source of classification or shelving scheme | Library of Congress Classification |
| Koha item type | Monograph ( Printed materials) |
| Withdrawn status | Lost status | Source of classification or shelving scheme | Damaged status | Not for loan | Collection code | Home library | Current library | Shelving location | Date acquired | Total Checkouts | Full call number | Barcode | Date last seen | Price effective from | Koha item type |
|---|---|---|---|---|---|---|---|---|---|---|---|---|---|---|---|
| Library of Congress Classification | Main Collection | ARRUPE LIBRARY | ARRUPE LIBRARY | Main Collection | 12/08/2016 | BS2556 .M26 | 46500010452 | 12/08/2016 | 12/08/2016 | Monograph ( Printed materials) |